00489 2200181 4500001002100000005001700021008004100038020001800079035002500097041000700122082001100129090001700140100002400157245002800181260003100209300003300240650003400273INLIS0000000000040750:yyyyMMddHHmmss180719||||||||| | ||| |||| || |  a979-543-841-7 a0010-031300000004075 aid0 a634.65 a634.65 TAN p0 aTim bina karya tani00aPedoman Bertanam Durian aBandungbYrama Widyac2008 ax + 134 hlm ; 12,5 x 19,5 cm 0aTim bina karya tani -- Durian